|
|
|
|
| LEADER |
00000nab a2200000 a 4500 |
| 001 |
vtls000730865 |
| 003 |
SK-MaSNL |
| 005 |
20260304110639.0 |
| 008 |
250429c2000 xo 0 slo |
| 015 |
|
|
|a SNBRB2000/10-21794
|
| 035 |
|
|
|a CLN000082992
|
| 035 |
|
|
|a urn:nbn:sk:snk-ab6jsi
|
| 035 |
|
|
|a (uuid)1aeef8b1-ef63-4a64-acdc-ed33be5978cf
|
| 035 |
|
|
|a (urnnbn)urn:nbn:sk:snk:ar-004oxy
|
| 035 |
|
|
|a (sysno)vtls000730865
|
| 040 |
|
|
|a SNKBUCL
|b slo
|c SNKBUCL
|e AACR2
|
| 041 |
0 |
|
|a slo
|
| 044 |
|
|
|a xo
|c SK
|
| 080 |
|
|
|a 504.055:539.16
|2 1997
|
| 080 |
|
|
|a 539.16
|2 1997
|
| 080 |
|
|
|a 628.4.047
|2 1997
|
| 080 |
|
|
|a 574
|2 1997
|
| 100 |
1 |
|
|a Tölgyessy, Juraj,
|d 1931-2014
|4 aut
|9 212932
|
| 245 |
1 |
0 |
|a Život v paľbe žiarení
|b čo je rádioekológia?
|c Juraj Tölgyessy, Margita Harangozó
|
| 300 |
|
|
|b Fotogr., obr.
|
| 650 |
0 |
7 |
|a rádioekológia
|2 snkbucl
|9 16172
|
| 650 |
0 |
7 |
|a prostredie životné
|x žiarenie rádioaktívne
|2 snkbucl
|9 1409377
|
| 650 |
0 |
7 |
|a rádioaktívne žiarenie
|2 snkbucl
|9 68998
|
| 655 |
|
7 |
|a články z novín a časopisov
|2 snkbucl
|9 267496
|
| 700 |
1 |
|
|a Harangozó, Margita,
|d 1945-
|4 aut
|9 110362
|
| 773 |
0 |
|
|t Enviromagazín
|g Roč. 5, č. 1 (2000), s. 26-27
|x 1335-1877
|
| 850 |
|
|
|a Slovenská národná knižnica
|
| 852 |
|
|
|a Slovenská národná knižnica
|
| 954 |
|
|
|a odborná, vedecká literatúra pôvodná (slovenská)
|2 lita
|
| 958 |
|
|
|a article27
|
| 958 |
|
|
|a OND
|
| 958 |
|
|
|a EUIPO
|
| 992 |
|
|
|a RBX
|
| 999 |
|
|
|c 2860878
|d 2862808
|